Statistiques concernant Finalistes de la Coupe du Monde de football

Cliquez ici pour prendre le quiz!

Statistiques générales

  • Ce quiz a été pris 449 fois
  • Le résultat moyen est 17 sur 20

Statistiques - réponses

AnnéeVainqueurFinaliste% Correct
1950UruguayBrésil
99%
1998FranceBrésil
99%
2006ItalieFrance
99%
1930UruguayArgentine
98%
1990AllemagneArgentine
98%
2014AllemagneArgentine
98%
1966AngleterreAllemagne
97%
1982ItalieAllemagne
97%
1986ArgentineAllemagne
97%
2002BrésilAllemagne
97%
1970BrésilItalie
96%
1994BrésilItalie
96%
1974Allemagne de l'OuestPays-Bas
95%
2010EspagnePays-Bas
95%
1978ArgentinePays-Bas
95%
1958BrésilSuède
69%
1954Allemagne de l'OuestHongrie
63%
1938ItalieHongrie
63%
1962BrésilTchécoslovaquie
49%
1934ItalieTchécoslovaquie
49%

Distribution des résultats

Percentile par nombre de réponses

% des personnes avec chaque résultat

Votre développement - résultats

Vous n’avez pas pris ce quiz